Central Library OPAC University of Rajshahi

Counter blast / (Record no. 57344)

MARC details
000 -LEADER
fixed length control field 00679nam a2200241 a 4500
001 - CONTROL NUMBER
control field 57344
003 - CONTROL NUMBER IDENTIFIER
rucl marc code BD-RjUL
005 - DATE AND TIME OF LATEST TRANSACTION
control field 20211209080510.0
008 - FIXED-LENGTH DATA ELEMENTS--GENERAL INFORMATION
fixed length control field 161208s1969 enk 000 0 eng
020 ## - INTERNATIONAL STANDARD BOOK NUMBER
International Standard Book Number 085391138X
International Standard Book Number 0853911371
035 ## - SYSTEM CONTROL NUMBER
System control number (BD-RjUL)57468
040 ## - CATALOGING SOURCE
Original cataloging agency LC
Language of cataloging eng
Transcribing agency LC
Modifying agency BD-RjUL
041 ## - LANGUAGE CODE
Language code of text/sound track or separate title eng
082 04 - DEWEY DECIMAL CLASSIFICATION NUMBER
Classification number 302.2
Edition number 23
Author mark and year MCC 1969
100 1# - MAIN ENTRY--PERSONAL NAME
Personal name McLuhan, Marshall,
Dates associated with a name 1911-1980.
9 (RLIN) 170325
245 10 - TITLE STATEMENT
Title Counter blast /
Statement of responsibility, etc. Marshall McLuhan, Designed by Harley Parker.
260 ## - PUBLICATION, DISTRIBUTION, ETC. (IMPRINT)
Place of publication, distribution, etc. London :
Name of publisher, distributor, etc. Harcourt, Brace & World,
Date of publication, distribution, etc. 1969.
300 ## - PHYSICAL DESCRIPTION
Pagination 141 p. ;
Size 21 cm.
650 #0 - SUBJECT ADDED ENTRY--TOPICAL TERM
Topical term or geographic name as entry element Communication
9 (RLIN) 170326
700 ## - ADDED ENTRY--PERSONAL NAME
Personal name Parker, Harley
942 ## - ADDED ENTRY ELEMENTS (KOHA)
Source of classification or shelving scheme Dewey Decimal Classification
Koha item type Books
Holdings
Lost status Source of classification or shelving scheme Damaged status Not for loan Collection code Permanent Location Current Location Shelving location Date acquired Source of acquisition Cost, normal purchase price Total Checkouts Full call number Date last seen Copy number Koha item type
  Dewey Decimal Classification   Not For Loan Non-fiction Central Library, University of Rajshahi Central Library, University of Rajshahi Reading Room 06/12/1972 Bangladesh Commercial ltd., 19.00   302.2 MCC 1969 08/12/2016 C-1 Books